000 01271nam a2200337 i 4500
003 EG-GICUC
005 20260121101538.0
008 251225s2015 ua ||||fr|||| 000 0 ara d
017 _a2013/14089
020 _a978-977-04-7351-1
040 _a EG-GICUC
_bara
_c EG-GICUC
_d EG-GICUC
_erda
041 0 _aara
082 0 4 _221
_a345.451
_bم ح . م
092 0 4 _221
099 _aLaw1 07 345.451 م ح . م 2015
100 0 _aمحمد إبراهيم الدسوقي علي
_eمؤلف.
245 1 0 _aمساءلة الأطباء عن أخطائهم المهنية /
_cالدكتور محمد إبراهيم الدسوقي علي.
264 1 _aالقاهرة :
_bدار النهضة العربية،
_c2015.
300 _a319 صفحة ؛
_c24 سم.
_bإيضاحيات، صور، مثيليات ؛
336 _2rda content
_atext
337 _2rda media
_aComputer
338 _2rda carrier
_aOnline Resource
504 _a. 305-293 ببليوجرافيا: صفحات.
546 _aالنص باللغة العربية
650 1 4 _aالسلطات التاديبية
_2qrmak
650 1 4 _aالقانون الإداري
_2qrmak
651 1 _2qrmak
856 4 0 _uhttps://fll.law.cu.edu.eg/fulltext/bks/B07-01576.pdf
905 _a79
942 _2ddc
_cBK
_e21
_n0
999 _c52536
_d52536